[Event "2010 US Am West"]
[Site "?"]
[Date "2010.05.31"]
[Round "6.30"]
[White "Mathine, Thomas"]
[Black "Harris, Jennifer"]
[Result "0-1"]
[WhiteElo "1541"]
[BlackElo "1418"]
[Annotator "Farmer,Steve"]
[PlyCount "68"]
[EventDate "2010.05.29"]
[SourceDate "2010.05.29"]

1. e4 e5 2. Nf3 d6 3. d4 exd4 4. Nxd4 c5 5. Nf3 Nf6 6. Nc3 Bg4 7. Be2 Be7 8.
O-O a6 9. e5 dxe5 10. Nxe5 Qxd1 11. Bxd1 Bf5 12. Ne2 Bd6 13. Bf4 Bxe5 14. Bxe5
Nbd7 15. Ng3 Be6 16. Bd6 Kd8 17. Bf3 Ne8 18. Bf4 Nc7 19. Bxb7 Rb8 20. Bxc7+
Kxc7 21. Bxa6 Rxb2 22. c4 Ra8 23. Bb5 Ne5 24. Ne4 Kb6 25. Ng5 Bf5 26. f4 Bd3
27. Rfc1 Ng6 28. g3 f6 29. Nh3 Raxa2 30. Rxa2 Rxa2 31. Rd1 Bf5 32. Nf2 Ka5 33.
Rd8 Kb4 34. Rb8 Kc3 {
Score inaccurate. White lost on time while making his 40th move.} 0-1

[Event "2010 US Am West"]
[Site "?"]
[Date "2010.05.31"]
[Round "6.38"]
[White "Mathews, Nikola"]
[Black "Grimm, Matthew"]
[Result "1-0"]
[WhiteElo "1486"]
[BlackElo "1251"]
[PlyCount "99"]
[EventDate "2010.05.29"]
[SourceDate "2010.05.29"]

1. d4 e6 2. Nf3 d5 3. Bf4 c5 4. e3 Qb6 5. b3 cxd4 6. Nxd4 Qa5+ 7. Nd2 Bb4 8. c4
Nf6 9. cxd5 Ne4 10. N4f3 exd5 11. Bd3 Nxd2 12. Nxd2 O-O 13. Qc2 f5 14. Rd1 Nc6
15. O-O Be6 16. Nf3 Rac8 17. Qe2 Ne7 18. Nd4 Bd7 19. a4 Bc5 20. Qh5 Bxd4 21.
exd4 Qb6 22. Be5 Ng6 23. Rfe1 Nxe5 24. Rxe5 Qxb3 25. a5 Qa3 26. Rxd5 Be8 27.
Qh3 Rc1 28. Rxc1 Qxc1+ 29. Bf1 a6 30. Rc5 Qb1 31. Qd3 Qa1 32. Qc4+ Bf7 33. Qc2
Re8 34. Re5 Rd8 35. Rxf5 Bg6 36. Qc4+ Kh8 37. Rf4 Qxa5 38. Qe6 Qc7 39. Rh4 Bf7
40. Qf5 g6 41. Qh3 Bd5 42. f3 a5 43. Bd3 Qc1+ 44. Kf2 Qd2+ 45. Be2 Bg8 46. Qg3
Re8 47. Re4 Rxe4 48. fxe4 Qxd4+ 49. Ke1 Qxe4 50. Qc3+ 1-0

[Event "2010 US Am West"]
[Site "?"]
[Date "2010.05.31"]
[Round "6.33"]
[White "Pennock, Joshua"]
[Black "Aradhyula, Sumhith"]
[Result "1/2-1/2"]
[WhiteElo "1360"]
[BlackElo "1459"]
[PlyCount "44"]
[EventDate "2010.05.29"]
[SourceDate "2010.05.29"]

1. e4 c5 2. Nc3 e6 3. g3 d5 4. d3 h6 5. Bg2 d4 6. Nce2 Nc6 7. f4 Nf6 8. Nf3 Be7
9. O-O O-O 10. h3 b6 11. g4 Nh7 12. Qe1 Nb4 13. Qd2 Nc6 14. f5 exf5 15. exf5
Bb7 16. Qe1 Nb4 17. Qd1 Nc6 18. Bf4 Bd6 19. Qd2 Bxf4 20. Qxf4 Qb8 21. Qd2 Qc7
22. h4 Ne5 1/2-1/2

[Event "2010 US Am West"]
[Site "?"]
[Date "2010.05.31"]
[Round "6.27"]
[White "Broyles, James"]
[Black "Mulholland-London, Casper"]
[Result "1-0"]
[WhiteElo "1500"]
[BlackElo "1439"]
[PlyCount "115"]
[EventDate "2010.05.29"]
[SourceDate "2010.05.29"]

1. d4 e6 2. c4 c5 3. Nf3 Nf6 4. Nc3 cxd4 5. Nxd4 Bc5 6. e3 O-O 7. Bd3 Nc6 8.
Nxc6 bxc6 9. e4 d5 10. cxd5 cxd5 11. O-O Bb7 12. e5 Nd7 13. Bf4 Qc7 14. Nb5 Qb8
15. Nd6 Bxd6 16. exd6 e5 17. Bg3 Qxd6 18. Re1 f6 19. f3 Nc5 20. Bc2 d4 21. Bb3+
Bd5 22. Bxd5+ Qxd5 23. Qd2 Rfe8 24. b4 Na4 25. Bf2 Nc3 26. a3 a5 27. bxa5 Rxa5
28. Bxd4 Qxd4+ 29. Qxd4 exd4 30. Rxe8+ Kf7 31. Rd8 Ra4 32. Kf1 Ke7 33. Rb8 d3
34. Ke1 Rd4 35. Kd2 Na4 36. Rb4 Rxb4 37. axb4 Nb6 38. Kxd3 Nd5 39. b5 Nb4+ 40.
Kc4 Nc2 41. Ra7+ Kd6 42. Rxg7 Ne3+ 43. Kb4 Nd5+ 44. Ka5 Ne3 45. Ka6 Nc2 46. b6
Nb4+ 47. Kb7 Nc6 48. Rxh7 Nd8+ 49. Ka6 Nc6 50. Rh6 Nb8+ 51. Kb7 Nd7 52. Rg6
Nc5+ 53. Ka7 Nd7 54. b7 Ne5 55. b8=Q+ Kd5 56. Rxf6 Nc6+ 57. Kb7 Nxb8 58. Kxb8
1-0

[Event "2010 US Am West"]
[Site "?"]
[Date "2010.05.31"]
[Round "6.32"]
[White "Benson, Roy"]
[Black "McManus, Timothy"]
[Result "0-1"]
[WhiteElo "1459"]
[BlackElo "1375"]
[PlyCount "46"]
[EventDate "2010.05.29"]
[SourceDate "2010.05.29"]

1. e4 Nc6 2. d4 e5 3. dxe5 Nxe5 4. Nc3 Bb4 5. Bd2 d6 6. Qe2 Be6 7. Qb5+ Nc6 8.
Bc4 Bxc4 9. Qxc4 Nf6 10. O-O-O Qd7 11. a3 Bc5 12. f3 O-O-O 13. Nge2 a6 14. Bg5
h6 15. Bh4 g5 16. Bg3 Qe6 17. Nd5 Ne5 18. Bxe5 Qxe5 19. b4 Nxd5 20. bxc5 Ne3
21. Qxf7 Nxd1 22. Rxd1 Qa1+ 23. Kd2 dxc5+ 0-1

[Event "2010 US Am West"]
[Site "?"]
[Date "2010.05.31"]
[Round "6.1"]
[White "Lebovitz, Andy"]
[Black "Hu, Bryan"]
[Result "1-0"]
[WhiteElo "2061"]
[BlackElo "2180"]
[PlyCount "85"]
[EventDate "2010.05.29"]
[SourceDate "2010.05.29"]

1. c4 Nf6 2. g3 e6 3. Bg2 d5 4. Nf3 Be7 5. O-O O-O 6. d4 dxc4 7. Qc2 a6 8. a4
Bd7 9. Qxc4 Bc6 10. Bg5 Bd5 11. Qc2 Be4 12. Qc1 Nc6 13. Nbd2 Nxd4 14. Nxd4 Bxg2
15. Nxe6 Qd5 16. Bxf6 Bxf1 17. Nf4 Qd7 18. Bxe7 Qxe7 19. Nxf1 Rad8 20. Ne3 c6
21. a5 Rd7 22. Qc3 Rfd8 23. Nd3 h5 24. h4 g6 25. Ra4 Rd6 26. Rb4 R6d7 27. Nc5
Rd1+ 28. Kg2 R1d2 29. Rxb7 Qf8 30. Ne4 R2d4 31. Nf6+ Kh8 32. Nc2 Rd1 33. Nxh5+
Kh7 34. Nf6+ Kh8 35. Ne4+ Qg7 36. Rxf7 Qxc3 37. bxc3 Kg8 38. Ra7 c5 39. Rxa6
Kf7 40. Ne3 Re1 41. Ng5+ Ke7 42. Rxg6 Rxe2 43. Nf5+ 1-0